| 000 | 00578cam a22002053a 4500 | ||
|---|---|---|---|
| 001 | 46048 | ||
| 003 | PGUSA | ||
| 005 | 20140828084058.0 | ||
| 008 | 140620s2014||||xxu|||||s|||||000 | eng d | ||
| 040 |
_aPGUSA _beng |
||
| 042 | _adc | ||
| 100 | 1 |
_aDix, Beulah Marie, _d1876-1970 |
|
| 245 | 1 | 4 |
_aThe Turned-About Girls _h[electronic resource] / _cBeulah Marie Dix |
| 260 |
_bProject Gutenberg, _c2014 |
||
| 506 | _aPublic domain in the USA. | ||
| 516 | _aElectronic text | ||
| 830 | 0 |
_aProject Gutenberg _v46048 |
|
| 856 | 4 | 0 | _uhttp://www.gutenberg.org/ebooks/46048 |
| 942 | _cEB | ||
| 999 |
_c275297 _d275297 |
||